[Event "AUTO-ADV-1511"]
[Site "http://www.queenalice.com/game.php?id=669648"]
[Date "2009.10.20"]
[Round "1"]
[White "mrcoelho68"]
[Black "DORLISS"]
[Result "0-1"]
[WhiteElo "1600"]
[BlackElo "1857"]

1. e4 e5 2. Nf3 Nc6 3. d4 exd4 4. Nxd4 Bc5 5. Be3 Bxd4 6. Bxd4 Nf6 7. Nc3 O-O 8.
Be3 d6 9. Bd3 Ne5 10. Be2 Bg4 11. b3 Bxe2 12. Qxe2 Neg4 13. Bd2 d5 14. O-O Qd6
15. Nxd5 Rfe8 16. Bb4 Qxh2# 0-1

[Event "AUTO-ADV-1511"]
[Site "http://www.queenalice.com/game.php?id=669659"]
[Date "2009.10.20"]
[Round "1"]
[White "felipebasso"]
[Black "mrcoelho68"]
[Result "1-0"]
[WhiteElo "1920"]
[BlackElo "1810"]

1. e4 e5 2. Nf3 Nc6 3. Bb5 a6 4. Ba4 b5 5. Bb3 d6 6. O-O Na5 7. c3 Nxb3 8. Qxb3
Bb7 9. d3 Be7 10. Nbd2 Bf6 11. d4 Ne7 12. d5 c6 13. c4 Ng6 14. a4 O-O 15. axb5
cxd5 16. cxd5 Qb6 17. Nc4 Qd8 18. Na5 Qb6 19. Be3 Qc7 20. b6 Qd7 21. Rfc1 Rfc8
22. Rc7 Rxc7 23. bxc7 Qxc7 24. Qxb7 Qd8 25. Nc6 Qc8 26. Qxc8+ Rxc8 27. Rxa6 Nf4
28. Rb6 Bd8 29. Rb8 Rxb8 30. Nxb8 Ba5 31. Nc6 Bc7 32. b4 1-0

[Event "AUTO-ADV-1511"]
[Site "http://www.queenalice.com/game.php?id=669660"]
[Date "2009.10.20"]
[Round "1"]
[White "mrcoelho68"]
[Black "felipebasso"]
[Result "1/2-1/2"]
[WhiteElo "1803"]
[BlackElo "1914"]

1. e4 e5 2. Nf3 Nf6 3. Nc3 Bb4 4. Nd5 Nxd5 5. exd5 O-O 6. c3 Bc5 7. b4 Bb6 8.
Bd3 c6 9. dxc6 Nxc6 10. O-O d5 11. Bb5 Bg4 12. Bxc6 bxc6 13. d3 Qf6 14. Bg5 Qf5
15. Be7 Rfe8 16. Bd6 e4 17. dxe4 dxe4 18. Qc2 exf3 19. Qxf5 Bxf5 20. gxf3 Rad8
21. Bg3 Rd3 22. c4 Rxf3 23. c5 Bd8 24. a4 Rd3 25. b5 Bf6 26. Ra2 Be6 27. Rc2 Bb3
28. Rcc1 Bxa4 29. bxc6 Bxc6 30. Bd6 Rd5 31. Rc2 Be7 32. Rfc1 Bxd6 33. cxd6 Rxd6
34. Rxc6 Rxc6 35. Rxc6 g6 36. Kg2 h5 37. h4 Kg7 38. Ra6 Ra8 39. Kg3 Kf8 40. Kf4
Ke7 41. Ke5 Kd7 42. Kf6 Ke8 43. f4 Kf8 44. f5 gxf5 45. Kxf5 Kg7 46. Kg5 f6+ 47.
Kxh5 Kf7 48. Kg4 Kg6 49. h5+ Kf7 50. Kf5 Kg7 51. Rxf6 a5 52. h6+ Kh7 53. Kg5 a4
54. Rf7+ Kg8 55. Rf2 a3 1/2-1/2

[Event "AUTO-ADV-1511"]
[Site "http://www.queenalice.com/game.php?id=669665"]
[Date "2009.10.20"]
[Round "1"]
[White "chesspool"]
[Black "mrcoelho68"]
[Result "1-0"]
[WhiteElo "1894"]
[BlackElo "1552"]

1. d4 g6 2. c4 Bg7 3. Nc3 Nf6 4. e4 d6 5. Nf3 O-O 6. Be2 b6 7. O-O Bb7 8. e5
dxe5 9. Nxe5 Qd6 10. Bf4 Qd8 11. Bf3 Bxf3 12. Qxf3 Nbd7 13. Nc6 Qe8 14. Bxc7 Nh5
15. Rfe1 Ndf6 16. Nxe7+ 1-0

[Event "AUTO-ADV-1511"]
[Site "http://www.queenalice.com/game.php?id=669666"]
[Date "2009.10.20"]
[Round "1"]
[White "mrcoelho68"]
[Black "chesspool"]
[Result "0-1"]
[WhiteElo "1712"]
[BlackElo "1889"]

1. e4 Nf6 2. Nc3 d5 3. exd5 Nxd5 4. Nxd5 Qxd5 5. d4 Nc6 6. Be3 g6 7. Nf3 Bg4 8.
Be2 Bg7 9. h3 Bxf3 10. Bxf3 Qb5 11. b3 O-O 12. c3 Rfe8 13. Be2 Qa5 14. b4 Qd5
15. Bf3 Qc4 16. Qd2 Rad8 17. Be2 Qd5 18. c4 Qxg2 19. O-O-O Nxd4 20. Qe1 Nf3 21.
Bxf3 Qxf3 22. b5 c5 23. Bxc5 Qf4+ 24. Rd2 Bb2+ 25. Kd1 Bc3 26. Be3 Rxd2+ 27.
Bxd2 Rd8 0-1

[Event "AUTO-OPEN-1729"]
[Site "http://www.queenalice.com/game.php?id=669772"]
[Date "2009.10.20"]
[Round "1"]
[White "MarcosT"]
[Black "mrcoelho68"]
[Result "0-1"]
[WhiteElo "1820"]
[BlackElo "1538"]

1. e4 e5 2. Nc3 Nf6 3. Bc4 Bc5 4. d3 Nc6 5. h3 Na5 6. Bb3 Nxb3 7. axb3 d5 8. Bg5
h6 9. Bxf6 Qxf6 10. Nf3 O-O 11. Nxd5 Qg6 12. b4 Qxg2 13. Rg1 Qxf2# 0-1

[Event "AUTO-OPEN-1729"]
[Site "http://www.queenalice.com/game.php?id=669773"]
[Date "2009.10.20"]
[Round "1"]
[White "mrcoelho68"]
[Black "MarcosT"]
[Result "1-0"]
[WhiteElo "1784"]
[BlackElo "1766"]

1. e4 e5 2. Nf3 d6 3. Bc4 Be7 4. d4 Nf6 5. Nc3 Bg4 6. dxe5 dxe5 7. Bg5 O-O 8. h3
Bh5 9. Qxd8 Rxd8 10. Nxe5 Bg6 11. Nxg6 hxg6 12. e5 Re8 13. O-O Nh7 14. Bxe7 Rxe7
15. Nd5 Rd7 16. Rad1 c6 17. e6 fxe6 18. Nf4 Rxd1 19. Rxd1 Na6 20. Bxe6+ Kf8 21.
Rd7 Ng5 22. Nxg6+ Ke8 23. Rxg7 Rb8 24. Bc4 b5 25. Bd3 Rb6 26. f4 Ne6 27. Re7+
Kd8 28. Rxe6 Nc5 29. Rd6+ Kc7 30. Rf6 Nxd3 31. cxd3 1-0

[Event "AUTO-OPEN-1729"]
[Site "http://www.queenalice.com/game.php?id=669800"]
[Date "2009.10.20"]
[Round "1"]
[White "mrcoelho68"]
[Black "DORLISS"]
[Result "1-0"]
[WhiteElo "1786"]
[BlackElo "1763"]

1. e4 e5 2. Nf3 Nc6 3. d4 d5 4. exd5 Qxd5 5. Nc3 Qe6 6. dxe5 Nxe5 7. Nxe5 Qxe5+
8. Be3 Bd7 9. Be2 O-O-O 10. O-O Kb8 11. Bg4 Nf6 12. Bf3 Bd6 13. g3 Bh3 14. Re1
Qa5 15. Qd4 c5 16. Qa4 Qxa4 17. Nxa4 b6 18. Bg5 h6 19. Bxf6 gxf6 20. Re4 f5 21.
Rh4 Bg4 22. Bxg4 fxg4 23. Rxg4 Be5 24. Re1 h5 25. Rg5 f6 26. Rg7 h4 27. f4 Bd4+
28. Kg2 h3+ 29. Kf3 Rhe8 30. Ree7 Rxe7 31. Rxe7 Bg1 32. Re2 Rd1 33. Kg4 Rd4 34.
b3 c4 35. Kxh3 cxb3 36. axb3 Rd5 37. Kg2 Bd4 38. Rd2 Kc7 39. c3 b5 40. Rxd4 Rxd4
41. cxd4 Kd6 42. Nc3 b4 43. Ne4+ Kd5 44. Nxf6+ Kxd4 45. h4 Kc3 46. Nd5+ Kxb3 47.
Nxb4 Kxb4 48. h5 a5 49. h6 a4 50. h7 a3 51. h8=Q a2 52. Qa1 1-0

[Event "AUTO-OPEN-1729"]
[Site "http://www.queenalice.com/game.php?id=669801"]
[Date "2009.10.20"]
[Round "1"]
[White "DORLISS"]
[Black "mrcoelho68"]
[Result "1-0"]
[WhiteElo "1893"]
[BlackElo "1749"]

1. e4 e5 2. Nf3 Nc6 3. Bb5 a6 4. Ba4 Nf6 5. O-O b5 6. Bb3 Bc5 7. d4 exd4 8. e5
Ng4 9. Re1 d3 10. Bxf7+ Kxf7 11. Ng5+ Kg8 12. Qxg4 d6 13. Qh5 Qf8 14. Be3 dxc2
15. Nc3 Bxe3 16. Rxe3 Nxe5 17. Nd5 Bg4 18. Qxg4 Nxg4 19. Ne7+ Qxe7 20. Rxe7 h6
21. Ne6 c5 22. Rxg7# 1-0

[Event "AUTO-OPEN-1729"]
[Site "http://www.queenalice.com/game.php?id=669802"]
[Date "2009.10.20"]
[Round "1"]
[White "mrcoelho68"]
[Black "matamuff"]
[Result "1/2-1/2"]
[WhiteElo "1809"]
[BlackElo "1694"]

1. e4 d6 2. d4 Nf6 3. Nc3 Nbd7 4. Bd3 e5 5. d5 h6 6. Nge2 c6 7. dxc6 bxc6 8. b3
a5 9. a4 Be7 10. O-O Nf8 11. Ba3 Bg4 12. h3 Be6 13. Ng3 Ng6 14. Nf5 O-O 15.
Nxe7+ Nxe7 16. Be2 Re8 17. Bxd6 Ng6 18. Bh5 Nf4 19. Bf3 g5 20. Bxe5 Qe7 21. Bxf4
gxf4 22. e5 Rad8 23. exf6 Qxf6 24. Ne4 Qg6 25. Qe1 Bxh3 26. Qc3 Re6 27. Rad1
Rde8 28. Nc5 Re2 29. Kh2 R2e5 30. Nd7 Bxd7 31. Rxd7 Rg5 32. Qxc6 Re6 33. Rd8+
Kh7 34. Qa8 Qf6 35. Rh8+ Kg6 36. Rg8+ Kh7 37. Rxg5 Qxg5 38. Be4+ Kg7 39. Rd1
Qh5+ 40. Kg1 Qxd1+ 41. Kh2 Qh5+ 1/2-1/2

[Event "AUTO-OPEN-1729"]
[Site "http://www.queenalice.com/game.php?id=669803"]
[Date "2009.10.20"]
[Round "1"]
[White "matamuff"]
[Black "mrcoelho68"]
[Result "0-1"]
[WhiteElo "1694"]
[BlackElo "1792"]

1. Nf3 g6 2. e4 Bg7 3. d4 d6 4. b3 Nf6 5. Bb2 Nxe4 6. Bd3 Nc5 7. Bc4 Ne4 8. Nbd2
d5 9. Bd3 Bf5 10. O-O O-O 11. Rb1 c5 12. c4 Nxd2 13. Qxd2 Bxd3 14. Qxd3 dxc4 15.
bxc4 Nc6 16. d5 Nb4 17. Qb3 e6 18. a3 Bxb2 19. Rxb2 Na6 20. Qc3 b6 21. Ng5 Qxg5
22. d6 Rad8 23. f4 Qf5 24. Rd2 Rd7 25. Qe3 Rfd8 26. Qe5 Nb8 27. h3 h5 28. g4
hxg4 29. hxg4 Qxg4+ 30. Kh1 Nc6 31. Qc3 Nd4 32. Rh2 Kg7 33. Rg1 Qxf4 34. Qh3
Qe4+ 35. Rgg2 Nf3 36. Qh7+ Kf6 37. Rf2 Rxd6 38. Rh3 Rd1+ 39. Kg2 Rg1# 0-1

[Event "AUTO-INT-1486"]
[Site "http://www.queenalice.com/game.php?id=669836"]
[Date "2009.10.20"]
[Round "1"]
[White "danqueiroz"]
[Black "mrcoelho68"]
[Result "0-1"]
[WhiteElo "1307"]
[BlackElo "1768"]

1. e4 e5 2. d4 exd4 3. Qxd4 Nc6 4. Qa4 a6 5. Nc3 d6 6. Nd5 Bd7 7. Nf3 Nf6 8. Bg5
Ne5 9. Qb3 Neg4 10. Qxb7 Rb8 11. Qxa6 Rxb2 12. Qa5 Rxc2 13. Bd3 Rxf2 14. Nxc7+
Ke7 15. Nd4 h6 16. Rf1 hxg5 17. Nf5+ Bxf5 18. Rxf2 Nxf2 19. Kxf2 Bxe4 20. Re1
Kd7 21. Bb5+ Bc6 22. a4 Bxb5 23. axb5 Qxc7 24. b6 Qc5+ 25. Qxc5 dxc5 26. b7 Kc7
27. Rb1 Nd7 28. h3 Rh4 29. Kg3 Bd6+ 30. Kf3 Rb4 31. Re1 Rxb7 32. g4 c4 33. Ke4
c3 34. Rc1 Be5 35. Kf5 Rb4 36. Kxg5 Bf4+ 37. Kf5 Bxc1 38. g5 g6# 0-1

[Event "AUTO-INT-1486"]
[Site "http://www.queenalice.com/game.php?id=669837"]
[Date "2009.10.20"]
[Round "1"]
[White "mrcoelho68"]
[Black "danqueiroz"]
[Result "1-0"]
[WhiteElo "1684"]
[BlackElo "1409"]

1. e4 d5 2. exd5 Qxd5 3. Nc3 Qf5 4. d4 Nf6 5. Nf3 Ne4 6. Nxe4 Qxe4+ 7. Be3 Bg4
8. Be2 e6 9. Ng5 Qxg2 10. Rf1 Qxh2 11. Bxg4 Bb4+ 12. c3 Ba5 13. Qf3 h5 14. Qxf7+
Kd8 15. Nxe6+ Kc8 16. Nc5+ Nd7 17. Qxd7+ Kb8 18. Qc8+ Rxc8 19. Nd7# 1-0

[Event "AUTO-INT-1486"]
[Site "http://www.queenalice.com/game.php?id=669850"]
[Date "2009.10.20"]
[Round "1"]
[White "DanizinhaBH"]
[Black "mrcoelho68"]
[Result "0-1"]
[WhiteElo "1722"]
[BlackElo "1674"]

1. e4 e5 2. Nf3 Nc6 3. b3 Nf6 4. d3 d5 5. Qe2 dxe4 6. dxe4 Bc5 7. Be3 Bd6 8. a3
Nxe4 9. Qc4 Nf6 10. Ng5 O-O 11. Bd3 h6 12. Ne4 Be6 13. Nxf6+ Qxf6 14. Qe4 Rfd8
15. O-O Nd4 16. Qxb7 Rab8 17. Qxa7 Qh4 18. Nd2 e4 19. Nxe4 Qxh2# 0-1

[Event "AUTO-INT-1486"]
[Site "http://www.queenalice.com/game.php?id=669851"]
[Date "2009.10.20"]
[Round "1"]
[White "mrcoelho68"]
[Black "DanizinhaBH"]
[Result "1-0"]
[WhiteElo "1698"]
[BlackElo "1666"]

1. e4 e5 2. Nf3 Nc6 3. d4 exd4 4. Nxd4 Qh4 5. Qd3 Bc5 6. Be3 Nxd4 7. Bxd4 Qg5 8.
Nd2 Ne7 9. Nf3 Qh5 10. Bxg7 Rg8 11. Be5 d6 12. Bg3 Bg4 13. Be2 O-O-O 14. O-O-O
Bxf3 15. Bxf3 Qg5+ 16. Kb1 d5 17. exd5 Nf5 18. h4 Qf6 19. Qb3 Nxg3 20. fxg3 Rxg3
21. d6 c6 22. d7+ Kc7 23. Rd3 Rxd7 24. Rxd7+ Kxd7 25. Bxc6+ bxc6 26. Qxg3 Bd4
27. Rd1 Kc8 28. Qg4+ Kb7 29. Qxd4 Qg6 30. Qb4+ Kc7 31. Qa5+ Kc8 32. Rd8+ Kb7 33.
Rd7+ 1-0

[Event "AUTO-INT-1486"]
[Site "http://www.queenalice.com/game.php?id=669858"]
[Date "2009.10.20"]
[Round "1"]
[White "nadigo"]
[Black "mrcoelho68"]
[Result "0-1"]
[WhiteElo "1635"]
[BlackElo "1768"]

1. e4 e5 2. Nf3 Nc6 3. Nc3 Bc5 4. d3 h6 5. Be3 Bxe3 6. fxe3 Nf6 7. d4 exd4 8.
exd4 d6 9. d5 Ne5 10. Bb5+ c6 11. dxc6 bxc6 12. Ba4 Bb7 13. O-O O-O 14. Nxe5
dxe5 15. Qxd8 Raxd8 16. Rae1 Rd4 17. b3 Rd2 18. Rc1 Ng4 19. Rf3 Rfd8 20. Rg3 Nf2
21. Rf3 Ng4 22. h3 Nf6 23. b4 c5 24. bxc5 Nxe4 25. Nxe4 Bxe4 26. Rf2 R8d4 27. c3
Rxf2 28. cxd4 Rxa2 29. Bb3 Rxg2+ 30. Kf1 exd4 31. c6 Rh2 32. c7 Rh1+ 33. Ke2
Rxc1 34. Kf2 Rxc7 35. Bd1 Rc1 36. Bb3 Rc3 37. Bd1 Rxh3 38. Bg4 Rc3 39. Ke1 a5
40. Bd1 Rc1 41. Kd2 Rxd1+ 42. Kxd1 d3 43. Kd2 a4 44. Kc3 a3 45. Kb3 d2 46. Kxa3
d1=Q 47. Kb4 Qd4+ 48. Kb5 f5 49. Ka6 f4 50. Kb5 f3 51. Ka6 f2 52. Kb5 f1=Q+ 0-1

[Event "AUTO-INT-1486"]
[Site "http://www.queenalice.com/game.php?id=669859"]
[Date "2009.10.20"]
[Round "1"]
[White "mrcoelho68"]
[Black "nadigo"]
[Result "0-1"]
[WhiteElo "1816"]
[BlackElo "1594"]

1. e4 e5 2. Nf3 Nf6 3. Nc3 Nc6 4. d4 d6 5. dxe5 dxe5 6. Qxd8+ Kxd8 7. Bg5 Nd4 8.
Nxd4 exd4 9. Rd1 c5 10. Nd5 Be7 11. Bxf6 gxf6 12. Nxe7 Kxe7 13. Bc4 Bg4 14. f3
Be6 15. Bb3 Rhg8 16. g3 f5 17. exf5 Bxf5 18. O-O Be6 19. Rfe1 b6 20. f4 Kf6 21.
Ba4 Bg4 22. Rd2 h5 23. h4 Bf3 24. Re5 Rxg3+ 25. Kf1 Rg4 26. Bd7 Rxf4 27. Rg5
Rxh4 28. Rf5+ Ke7 29. Rxf3 Kxd7 30. Rxf7+ Ke6 31. Rdf2 Rh1+ 32. Ke2 h4 33. R2f6+
Kd5 34. Rh7 Re8+ 35. Kd2 Rh2+ 36. Kd1 Ree2 37. b3 Rxc2 38. Rg7 Rxa2 39. Rg5+ Ke4
40. Rg4+ Ke3 41. Re6+ Kf3 42. Rge4 Ra1# 0-1